Hotelmanship : a guide to hospitality industry marketing and management

Bibliographic Details
Main Author: Theodore, Reade Nathan
Format: Book
Published: Englewood cliffs, NJ : Institute for Business Planning , 1982
Subjects:

MARC

LEADER 00000cam a2200000 7i4500
001 0000002731
005 20050503.0
040 |a INS 
090 0 0 |a TX911.3.M3   |b N37 1982 
100 1 |a Theodore, Reade Nathan 
245 1 0 |a Hotelmanship :   |b a guide to hospitality industry marketing and management   |c Theodore Reade Nathan 
260 |a Englewood cliffs, NJ :   |b Institute for Business Planning ,   |c 1982 
300 |a vii, 347p. 
650 0 0 |a Hotel management 
650 0 0 |a Hotels, tavenas etc   |x marketing 
999 |a 0000000834   |b BOOK   |c Open Shelf   |e Default branch